000 00224nam a2200097Ia 4500
008 190216s9999||||xx |||||||||||||| ||und||
100 _aWiliam Shekspier
245 0 _aMalayalam-Macbath
260 _bCurrent Books
942 _cBK
999 _c30285
_d30285